| 000 | 00520nam a2200217Ia 4500 | ||
|---|---|---|---|
| 008 | 210210b1931 xxu||||| |||| 00| 0 eng d | ||
| 041 | _aeng | ||
| 082 | _a548/52 | ||
| 100 | _aMITCHELL (AINSWORTH C) | ||
| 245 | _aRecent advances in analytical chemistry Vol II | ||
| 260 |
_aLondon _bJ & A Churchill _c1931 |
||
| 300 | _a468 | ||
| 650 | _aVol | ||
| 650 | _aRecent | ||
| 650 | _aII | ||
| 650 | _achemistry | ||
| 650 | _aanalytical | ||
| 650 | _aadvances | ||
| 690 | _aAnalytical Chemistry | ||
| 906 | _a009988 | ||
| 999 |
_c128159 _d128159 |
||